[Event "SRI-chB"]
[Site "Malabe"]
[Date "2015.06.20"]
[Round "3"]
[White "Mendis, WG Chinthaka"]
[Black "Lakshitha, HH Sasindu"]
[Result "1-0"]
[WhiteElo "1875"]
[BlackElo "1689"]
[PlyCount "268"]
[EventDate "2015.06.19"]
[EventType "swiss"]
[EventRounds "10"]
[EventCountry "SRI"]
[SourceTitle "CBM 167 Extra"]
[Source "ChessBase"]
[SourceDate "2015.09.14"]
[SourceVersion "1"]
[SourceVersionDate "2015.09.14"]
[SourceQuality "1"]

1. d4 Nf6 2. c4 g6 3. Nc3 Bg7 4. e4 d6 5. Nf3 0-0 6. h3 e5 7. dxe5 dxe5 8. Qxd8 Rxd8 9. Bg5 c6 10. Be2 Re8 11. 0-0-0 Na6 12. Rd6 Nd7 13. Rhd1 Nf8 14. Rd8 Be6 15. Rxe8 Rxe8 16. Be3 Ra8 17. c5 Nc7 18. b3 f6 19. Nd2 Rd8 20. Bc4 Kf7 21. Bxe6+ Nfxe6 22. Nc4 Rxd1+ 23. Kxd1 Nd8 24. Kd2 Bf8 25. b4 Ke6 26. f4 Be7 27. fxe5 fxe5 28. Nd1 Ne8 29. Kd3 Nf7 30. Na5 Nd8 31. Nb2 Bh4 32. Nbc4 Bf6 33. Bf2 Kf7 34. Bg3 Ke6 35. a3 Nc7 36. a4 Na8 37. Bf2 Be7 38. Nb3 Nf7 39. Be3 Nc7 40. Nca5 Nd8 41. Kc4 Kd7 42. Nd2 Nce6 43. Nf3 Bf6 44. g3 Kc7 45. b5 cxb5+ 46. axb5 a6 47. b6+ Kd7 48. Kd5 Ng7 49. Nxe5+ Bxe5 50. Kxe5 Nc6+ 51. Nxc6 Kxc6 52. Kd4 Ne6+ 53. Kc4 a5 54. e5 a4 55. Kb4 a3 56. Kxa3 Nxc5 57. Bd4 Ne4 58. g4 Kd5 59. Be3 Kxe5 60. Kb4 Kd5 61. h4 Nf6 62. g5 Nd7 63. Kb5 Ne5 64. Bf4 Nf3 65. Bg3 Nd4+ 66. Kb4 Nf5 67. Bf2 Nd6 68. Bg3 Kc6 69. Bf2 Nc8 70. Ka5 Ne7 71. Kb4 Nd5+ 72. Ka5 Nf4 73. Ka4 Nd3 74. Be3 Ne5 75. Kb4 Nd7 76. Ka5 Kd5 77. Kb5 Ne5 78. Bf4 Nf3 79. Bg3 Nd4+ 80. Kb4 Nf5 81. Bf2 h6 82. gxh6 Nxh6 83. Kc3 Nf5 84. Kd3 Ne7 85. Ke3 Ke5 86. Bg3+ Kd5 87. Kf4 Ke6 88. Bf2 Nd5+ 89. Kg5 Kf7 90. Bd4 Ne7 91. Bf6 Nc6 92. Bc3 Nd8 93. Kf4 Ke6 94. Ke4 Nf7 95. Be1 Nd6+ 96. Kd4 Nf5+ 97. Kc5 Ne3 98. Bd2 Nf5 99. Bg5 Ng3 100. Bd8 Ne4+ 101. Kd4 Nd6 102. Ke3 Nf7 103. Bc7 Nh6 104. Ke4 Nf5 105. Bd8 Nd6+ 106. Kf4 Nc4 107. Bc7 Nd2 108. Ke3 Nb3 109. Kd3 Nc5+ 110. Kc4 Ne4 111. Kd4 Nf6 112. Bd8 Nh5 113. Ke4 Ng7 114. Kf4 Nf5 115. Kg5 Kf7 116. h5 Nd4 117. hxg6+ Kg8 118. Kf6 Nc6 119. Bc7 Kf8 120. Bd6+ Kg8 121. Bc5 Na5 122. Bd4 Nc6 123. Bc3 Kf8 124. g7+ Kg8 125. Ke6 Nb8 126. Kd6 Na6 127. Bd4 Kf7 128. Kd7 Nb8+ 129. Kc7 Nc6 130. Bc3 Ne7 131. Kxb7 Ke8 132. Bf6 Ng8 133. Be5 Kd7 134. Ka7 Ke8 1-0

[Event "SRI-chB"]
[Site "Malabe"]
[Date "2015.06.20"]
[Round "4"]
[White "Mendis, WG Chinthaka"]
[Black "Samaranayake, KPRN"]
[Result "1/2-1/2"]
[WhiteElo "1875"]
[BlackElo "1806"]
[PlyCount "101"]
[EventDate "2015.06.19"]
[EventType "swiss"]
[EventRounds "10"]
[EventCountry "SRI"]
[SourceTitle "CBM 167 Extra"]
[Source "ChessBase"]
[SourceDate "2015.09.14"]
[SourceVersion "1"]
[SourceVersionDate "2015.09.14"]
[SourceQuality "1"]

1. d4 Nf6 2. Nf3 g6 3. c4 Bg7 4. Nc3 d6 5. e4 0-0 6. h3 e5 7. dxe5 dxe5 8. Qxd8 Rxd8 9. Bg5 Re8 10. 0-0-0 Na6 11. Be3 Bf8 12. Bg5 Bg7 13. Be2 c6 14. Rd6 Nd7 15. Rhd1 Ndc5 16. Rd8 Be6 17. Rxe8+ Rxe8 18. Be3 b6 19. Rd6 Nb7 20. Rd1 f6 21. a3 Rd8 22. Rxd8+ Nxd8 23. b4 Nc7 24. Nd2 g5 25. Kb2 Kf7 26. Nb3 Bf8 27. Na2 Nb7 28. f3 Na6 29. c5 b5 30. Nc3 Nc7 31. Bd1 Ke8 32. Nd2 a5 33. Bb3 a4 34. Bxe6 Nxe6 35. Ne2 Nbd8 36. Ng3 Kf7 37. Kc3 Ng7 38. Nf5 Ke6 39. Nxg7+ Bxg7 40. Kd3 Nf7 41. Nf1 Bf8 42. Ng3 h6 43. Nh5 Nh8 44. g3 Ng6 45. f4 gxf4 46. gxf4 exf4 47. Bxf4 Ne5+ 48. Bxe5 fxe5 49. Ng3 Bg7 50. Kc2 Bf6 51. Ne2 1/2-1/2

[Event "Ambalangoda Dhamso op 5th"]
[Site "Ambalangoda"]
[Date "2015.05.30"]
[Round "3"]
[White "Mendis, WG Chinthaka"]
[Black "Dabarera, GWDM"]
[Result "1-0"]
[WhiteElo "1875"]
[BlackElo "1394"]
[PlyCount "105"]
[EventDate "2015.05.29"]
[EventType "swiss"]
[EventRounds "9"]
[EventCountry "SRI"]
[SourceTitle "EXT 2016"]
[Source "ChessBase"]
[SourceDate "2015.10.08"]
[SourceVersion "1"]
[SourceVersionDate "2015.10.08"]
[SourceQuality "1"]

1. d4 Nf6 2. Nf3 e6 3. c4 c5 4. d5 exd5 5. cxd5 d6 6. Nc3 Bf5 7. e3 a6 8. a4 Nbd7 9. Be2 Be7 10. 0-0 0-0 11. Nd2 Re8 12. e4 Bg6 13. f4 h6 14. Bf3 Bf8 15. Re1 Rc8 16. b3 Kh8 17. Bb2 Bh7 18. Nc4 Nb6 19. e5 Nxc4 20. bxc4 dxe5 21. fxe5 Nd7 22. e6 fxe6 23. dxe6 Nb8 24. Bxb7 Rc7 25. Qxd8 Rxd8 26. Bd5 Nc6 27. Bxc6 Rb8 28. Ba3 Rxc6 29. e7 Bxe7 30. Rxe7 Bd3 31. Ne4 Bxc4 32. Nxc5 Rbc8 33. Rae1 Bg8 34. Ne6 Bxe6 35. R1xe6 Kg8 36. Rxc6 Rxc6 37. a5 g5 38. Rb7 Rc4 39. Rb6 Ra4 40. Bb4 Kh7 41. Be1 Ra1 42. Kf1 Ra4 43. Rxa6 Rf4+ 44. Kg1 Re4 45. Bf2 Ra4 46. h3 h5 47. Ra8 g4 48. hxg4 hxg4 49. g3 Ra1+ 50. Kg2 Kg7 51. a6 Kf6 52. a7 Ke7 53. Rh8 1-0

[Event "Ambalangoda Dhamso op 4th"]
[Site "Ambalangoda"]
[Date "2014.05.02"]
[Round "5"]
[White "Mendis, WG Chinthaka"]
[Black "Inoli, WA Tashini"]
[Result "0-1"]
[WhiteElo "1902"]
[BlackElo "1386"]
[PlyCount "92"]
[EventDate "2014.04.30"]
[EventType "swiss"]
[EventRounds "9"]
[EventCountry "SRI"]
[SourceTitle "CBM 160 Extra"]
[Source "ChessBase"]
[SourceDate "2014.07.01"]
[SourceVersion "1"]
[SourceVersionDate "2014.07.01"]
[SourceQuality "1"]

1. e4 c5 2. Nc3 g6 3. g3 Bg7 4. Bg2 Nc6 5. Nge2 e6 6. d3 Nge7 7. Nf4 0-0 8. 0-0 a6 9. a4 b6 10. Re1 Bb7 11. Bd2 Nd4 12. Qc1 Re8 13. Nce2 Nxe2+ 14. Nxe2 d5 15. Ra3 Qd7 16. Bc3 d4 17. Bd2 b5 18. Bg5 c4 19. Qf4 b4 20. Raa1 cxd3 21. cxd3 e5 22. Qh4 Qd6 23. Rac1 Rac8 24. Bh3 Rxc1 25. Rxc1 Nc8 26. a5 Na7 27. Rc4 Nc6 28. Bd2 Nxa5 29. Bxb4 Qb6 30. Bxa5 Qxa5 31. b4 Qa1+ 32. Kg2 Qb1 33. Nc1 f5 34. f3 Qb2+ 35. Kg1 Qd2 36. Bf1 fxe4 37. dxe4 Qe3+ 38. Kg2 Rf8 39. Qg4 h5 40. Qe6+ Kh8 41. Be2 d3 42. Bxd3 Qxf3+ 43. Kh3 g5 44. Rc7 Bxe4 45. Bxe4 Qxe4 46. Rf7 Qg4+ 0-1

[Event "Ambalangoda Dhamso op 4th"]
[Site "Ambalangoda"]
[Date "2014.05.01"]
[Round "4"]
[White "Priyadarshana, Y Danushka"]
[Black "Mendis, WG Chinthaka"]
[Result "1-0"]
[WhiteElo "1604"]
[BlackElo "1902"]
[PlyCount "43"]
[EventDate "2014.04.30"]
[EventType "swiss"]
[EventRounds "9"]
[EventCountry "SRI"]
[SourceTitle "CBM 160 Extra"]
[Source "ChessBase"]
[SourceDate "2014.07.01"]
[SourceVersion "1"]
[SourceVersionDate "2014.07.01"]
[SourceQuality "1"]

1. e4 c5 2. Nc3 Nc6 3. d3 e6 4. g3 b6 5. Bg2 Bb7 6. Nge2 Be7 7. f4 d6 8. 0-0 Nf6 9. f5 0-0 10. fxe6 fxe6 11. Nf4 Nd4 12. Nce2 Nxe2+ 13. Qxe2 Qd7 14. Bh3 Qc6 15. Nxe6 Rfe8 16. Bg5 Nd7 17. Qh5 Ne5 18. Bf5 g6 19. Qh6 Bf8 20. Nxf8 Nf7 21. Qxh7+ Kxf8 22. Bxg6 1-0

[Event "Ambalangoda Dhamso op 3rd"]
[Site "Ambalangoda"]
[Date "2013.02.23"]
[Round "5"]
[White "Mendis, WG Chinthaka"]
[Black "De Silva, Shelani"]
[Result "0-1"]
[WhiteElo "1977"]
[BlackElo "1628"]
[PlyCount "78"]
[EventDate "2013.02.21"]
[EventType "swiss"]
[EventRounds "9"]
[EventCountry "SRI"]
[SourceTitle "CBM 153 Extra"]
[Source "ChessBase"]
[SourceDate "2013.04.22"]
[SourceVersion "1"]
[SourceVersionDate "2013.04.22"]
[SourceQuality "1"]

1. d4 Nf6 2. c4 g6 3. Nc3 Bg7 4. e4 d6 5. Bd3 0-0 6. Nf3 Nc6 7. 0-0 e5 8. d5 Ne7 9. b4 Ne8 10. Nd2 f5 11. f3 f4 12. c5 g5 13. Nc4 h5 14. a4 Rf7 15. Ba3 Bf8 16. b5 Rg7 17. b6 axb6 18. cxb6 Ng6 19. bxc7 Nxc7 20. Nb6 Bd7 21. Nxd7 Qxd7 22. Rb1 Ne8 23. Bb5 Qc8 24. Bxe8 Qxe8 25. Rb6 Qd7 26. Qb3 g4 27. Nb5 Ra6 28. Nxd6 Rxb6 29. Qxb6 Qxa4 30. Nf5 Qxa3 31. Qe6+ Kh7 32. Nxg7 Kxg7 33. Rb1 Qe3+ 34. Kh1 gxf3 35. Rxb7+ Kh6 36. h4 Bc5 37. Rb1 fxg2+ 38. Kxg2 Qg3+ 39. Kh1 f3 0-1

[Event "Ambalangoda Dhamso op 2nd"]
[Site "Ambalangoda"]
[Date "2012.04.21"]
[Round "6"]
[White "Mendis, WG Chinthaka"]
[Black "Tribuwan, TW Helik"]
[Result "1-0"]
[WhiteElo "1934"]
[BlackElo "1732"]
[PlyCount "87"]
[EventDate "2012.04.19"]
[EventType "swiss"]
[EventRounds "9"]
[EventCountry "SRI"]
[SourceTitle "CBM 148 Extra"]
[Source "ChessBase"]
[SourceDate "2012.06.22"]
[SourceVersion "1"]
[SourceVersionDate "2012.06.22"]
[SourceQuality "1"]

1. d4 Nf6 2. c4 e5 3. dxe5 Ng4 4. Nf3 Bc5 5. e3 Nc6 6. Be2 Ngxe5 7. 0-0 d6 8. Nc3 Be6 9. b3 g5 10. Ne4 Nxf3+ 11. Bxf3 f5 12. Nxc5 dxc5 13. Bb2 Rg8 14. Bh5+ Kf8 15. Qc2 g4 16. Qc3 Qg5 17. Qf6+ Qxf6 18. Bxf6 Bf7 19. Bxf7 Kxf7 20. Bh4 Ne7 21. Rfd1 Rgd8 22. Kf1 Ke8 23. Bg3 Rxd1+ 24. Rxd1 Rd8 25. Ke2 Rxd1 26. Kxd1 Kd7 27. Kc2 a6 28. Kd3 Nc6 29. Kc3 b5 30. cxb5 axb5 31. a4 Na7 32. f3 gxf3 33. gxf3 c6 34. e4 fxe4 35. fxe4 Nc8 36. a5 Ne7 37. a6 Kc8 38. Bd6 Ng6 39. Bxc5 Kc7 40. Bd4 Ne7 41. Kb4 Nc8 42. Kc5 Ne7 43. Be5+ Kc8 44. Kb6 1-0

[Event "Ambalangoda Dhamso op 2nd"]
[Site "Ambalangoda"]
[Date "2012.04.20"]
[Round "3"]
[White "Sulochana, HLG Sakula"]
[Black "Mendis, WG Chinthaka"]
[Result "1-0"]
[WhiteElo "1627"]
[BlackElo "1934"]
[PlyCount "125"]
[EventDate "2012.04.19"]
[EventType "swiss"]
[EventRounds "9"]
[EventCountry "SRI"]
[SourceTitle "CBM 148 Extra"]
[Source "ChessBase"]
[SourceDate "2012.06.22"]
[SourceVersion "1"]
[SourceVersionDate "2012.06.22"]
[SourceQuality "1"]

1. e4 d5 2. exd5 Qxd5 3. Nc3 Qa5 4. Nf3 Nf6 5. Be2 Bf5 6. 0-0 e6 7. Bc4 Be7 8. d3 c6 9. Bd2 0-0 10. Nd5 Qd8 11. Nxe7+ Qxe7 12. Re1 Bg4 13. h3 Bh5 14. Bg5 Nbd7 15. Qe2 Rfe8 16. Qe3 Qb4 17. Nd4 Rac8 18. Rab1 b5 19. Bb3 c5 20. Ne2 c4 21. dxc4 bxc4 22. a3 Qa5 23. Ba2 Bg6 24. Rec1 Nd5 25. Qd4 N7b6 26. Bd2 Qa4 27. Nc3 Nxc3 28. Bxc3 e5 29. Qd2 Qc6 30. Qe3 Nd5 31. Qg3 Nf4 32. Re1 f6 33. Rbc1 Rcd8 34. Kh2 h5 35. h4 Kh7 36. Re3 Rd5 37. Qf3 Qb5 38. g3 Ne6 39. Qe2 Rc8 40. Qf3 Nd4 41. Qg2 Nxc2 42. Re2 Nd4 43. Rd2 Rcd8 44. Rcd1 Qc5 45. Bb4 Qc8 46. f3 Qf5 47. Kh1 Qc8 48. Qf1 Bd3 49. Qf2 Qf5 50. Rxd3 cxd3 51. Bxd5 Rxd5 52. Kg2 Nc6 53. Bc3 Rd7 54. Qe3 Ne7 55. Qe4 Qxe4 56. fxe4 Kg6 57. Kf3 f5 58. Bxe5 fxe4+ 59. Kxe4 Nc6 60. Bc3 Kf7 61. Rxd3 Ke7 62. Rxd7+ Kxd7 63. Bxg7 1-0

[Event "Ambalangoda Dhamso op 1st"]
[Site "Ambalangoda"]
[Date "2011.04.24"]
[Round "7"]
[White "Edirisinghe, Dulan"]
[Black "Mendis, WG Chinthaka"]
[Result "0-1"]
[WhiteElo "2071"]
[BlackElo "1876"]
[PlyCount "92"]
[EventDate "2011.04.21"]
[EventType "swiss"]
[EventRounds "9"]
[EventCountry "SRI"]
[SourceTitle "CBM 142 Extra"]
[Source "ChessBase"]
[SourceDate "2011.06.27"]
[SourceVersion "1"]
[SourceVersionDate "2011.06.27"]
[SourceQuality "1"]

1. d4 Nf6 2. c4 e6 3. Nc3 Bb4 4. g3 d5 5. Bg2 0-0 6. Nf3 c5 7. Qb3 Nc6 8. cxd5 exd5 9. a3 Qa5 10. Ra2 Bxc3+ 11. Qxc3 Qxc3+ 12. bxc3 Ne4 13. Bd2 Na5 14. Ne5 f6 15. Nd3 Be6 16. f3 Nxd2 17. Nxc5 Bf5 18. Rxd2 Nc4 19. Ra2 Ne3 20. Kf2 Nxg2 21. Kxg2 b6 22. Nd3 Rac8 23. Rc1 Rc4 24. Nf4 Rd8 25. g4 Bc8 26. e3 Kf7 27. Kf2 b5 28. Ke2 a5 29. Kd2 Bb7 30. Nd3 Rdc8 31. Rb2 Bc6 32. Rb3 h5 33. Nb2 hxg4 34. fxg4 Rh8 35. Rh1 a4 36. Nxc4 axb3 37. Nd6+ Kg6 38. Nf5 Kg5 39. h4+ Kxg4 40. Nxg7 Rxh4 41. Rxh4+ Kxh4 42. Kc1 Bd7 43. e4 dxe4 44. d5 e3 45. Ne6 b2+ 46. Kxb2 Bxe6 0-1